Conferencia especializada interamericana sobre terrorismo; informe final
Guardado en:
| Autor Corporativo: | |
|---|---|
| Formato: | Texto |
| Publicado: |
Washington, D.C.:
OEA
|
| Etiquetas: |
Agregar Etiqueta
Sin Etiquetas, Sea el primero en etiquetar este registro!
|
MARC
| LEADER | 00000 a a2200000 04500 | ||
|---|---|---|---|
| 001 | 24732 | ||
| 003 | |||
| 040 | |||
| 090 | |a 177900 | ||
| 110 | |a Organización de Estados Americanos | ||
| 245 | |a Conferencia especializada interamericana sobre terrorismo; informe final | ||
| 260 | |a Washington, D.C.: |b OEA | ||
| 300 | |a 115 p. | ||
| 999 | |c 8584 |d 8584 | ||
